Utilización de Dreamweaver 4
Uloženo v:
| Hlavní autoři: | , , , |
|---|---|
| Médium: | Kniha |
| Jazyk: | španělština |
| Vydáno: |
San Francisco
Macromedia
2000
|
| Témata: | |
| Tagy: |
Přidat tag
Žádné tagy, Buďte první, kdo vytvoří štítek k tomuto záznamu!
|
MARC
| LEADER | 00000nam a2200000 a 4500 | ||
|---|---|---|---|
| 001 | UCN4431 | ||
| 003 | CL-VaPUC | ||
| 008 | 010803e20001100US |||||||||||||||||spa|d | ||
| 082 | 0 | 4 | |a 006.6 |b DIE |2 21 |
| 100 | 0 | |a Diezel, Kim |e author |9 460842 | |
| 700 | 0 | |a Hanscom, Valerie |e author |9 460843 | |
| 700 | 0 | |a Hartman, Jed |e author |9 460844 | |
| 700 | 0 | |a Ricketts, Emily |e author |9 460845 | |
| 245 | 1 | 0 | |a Utilización de Dreamweaver 4 |
| 300 | |a 612 p | ||
| 942 | |c BK | ||
| 945 | |d 20010803 00:00:00 |a cmena | ||
| 260 | |a San Francisco |b Macromedia |c 2000 | ||
| 650 | 0 | |a Animación por computador |9 616332 | |
| 650 | 0 | |a Sitios web |9 460836 | |
| 650 | 7 | |a DREAMWEAVER 4 |2 CL-VaPUC |9 460848 | |
| 650 | 0 | |a Gráficos por computador |9 262412 | |
| 650 | 7 | |a SISTEMAS MULTIMEDIOS |2 CL-VaPUC |9 332987 | |
| 583 | |a last modification |c 20010803 00:00:00 |k Rodrigo Vera | ||
| 999 | |c 296676 |d 296674 | ||
| 952 | |0 0 |1 0 |4 0 |6 006_600000000000000_DIE_2000 |7 0 |8 P |9 350689 |a BIBARQ |b BIBARQ |d 2019-11-20 |i 3738620 |o 006.6 DIE 2000 |p 3738620 |r 2025-01-20 |w 2019-11-20 |y BK |k ARQ | ||